WWE - Wade Barrett's PPV Opponents - Statistics

General Stats
  • This quiz has been taken 754 times
  • The average score is 68 of 84
Answer Stats
Year Event Match Type Opponent % Correct
2010 SummerSlam 7 vs. 7 Elimination Match John Cena
100%
2010 Night of Champions 6-Pack Challenge Match John Cena
100%
2010 Hell in a Cell John Cena
100%
2010 Tables, Ladders & Chairs Chairs Match John Cena
100%
2015 Beast In The East Tag Team Match John Cena
100%
2010 SummerSlam 7 vs. 7 Elimination Match Daniel Bryan
97%
2011 SummerSlam Daniel Bryan
97%
2012 Elimination Chamber Elimination Chamber Match Daniel Bryan
97%
2012 Survivor Series 5 vs 5 Elimination Match Daniel Bryan
97%
2015 WrestleMania 31 7-Man Ladder Match Daniel Bryan
97%
2010 Night of Champions 6-Pack Challenge Match Randy Orton
96%
2010 Bragging Rights Randy Orton
96%
2010 Survivor Series Randy Orton
96%
2011 Survivor Series 5 vs 5 Elimination Match Randy Orton
96%
2011 Tables, Ladders & Chairs Tables Match Randy Orton
96%
2012 Survivor Series 5 vs 5 Elimination Match Randy Orton
96%
2010 Night of Champions 6-Pack Challenge Match Sheamus
95%
2011 Survivor Series 5 vs 5 Elimination Match Sheamus
95%
2015 Elimination Chamber Elimination Chamber Match Sheamus
95%
2010 SummerSlam 7 vs. 7 Elimination Match Edge
94%
2010 Night of Champions 6-Pack Challenge Match Edge
94%
2011 Elimination Chamber Elimination Chamber Match Edge
94%
2012 Survivor Series 5 vs 5 Elimination Match The Miz
92%
2013 WrestleMania 29 (Kick-Off Show) The Miz
92%
2013 Payback Triple Threat Match The Miz
92%
2010 SummerSlam 7 vs. 7 Elimination Match Chris Jericho
91%
2010 Night of Champions 6-Pack Challenge Match Chris Jericho
91%
2011 Elimination Chamber Elimination Chamber Match The Big Show
90%
2011 WrestleMania XXVII 8-Man Tag Team Match The Big Show
90%
2011 Extreme Rules Lumberjack Tag Team Match The Big Show
90%
2012 Elimination Chamber Elimination Chamber Match The Big Show
90%
2011 Elimination Chamber Elimination Chamber Match Kane
89%
2011 WrestleMania XXVII 8-Man Tag Team Match Kane
89%
2011 Extreme Rules Lumberjack Tag Team Match Kane
89%
2012 Survivor Series 5 vs 5 Elimination Match Kane
89%
2016 Roadblock Tag Team Match Kofi Kingston
89%
2010 SummerSlam 7 vs. 7 Elimination Match R-Truth
89%
2015 WrestleMania 31 7-Man Ladder Match R-Truth
89%
2015 King of the Ring KOTR Semi-Finals R-Truth
89%
2015 Elimination Chamber Elimination Chamber Match R-Truth
89%
2015 Money In The Bank (Kick-Off Show) R-Truth
89%
2015 Battleground (Kick-Off Show) R-Truth
89%
2015 WrestleMania 31 7-Man Ladder Match Dolph Ziggler
88%
2015 Elimination Chamber Elimination Chamber Match Dolph Ziggler
88%
2015 Beast In The East Tag Team Match Dolph Ziggler
88%
2015 Hell in a Cell (Kick-Off Show) Six-Man Tag Team Match Dolph Ziggler
88%
2011 WrestleMania XXVII 8-Man Tag Team Match Kofi Kingston
87%
2011 Survivor Series 5 vs 5 Elimination Match Kofi Kingston
87%
2012 Survivor Series 5 vs 5 Elimination Match Kofi Kingston
87%
2012 Tables, Ladders & Chairs Kofi Kingston
87%
2010 SummerSlam 7 vs. 7 Elimination Match Bret Hart
86%
2016 Roadblock Tag Team Match Big E
84%
2012 Elimination Chamber Elimination Chamber Match Cody Rhodes
83%
2015 Elimination Chamber Elimination Chamber Match Ryback
83%
2015 Survivor Series 5 vs 5 Elimination Match Ryback
83%
2010 SummerSlam 7 vs. 7 Elimination Match John Morrison
82%
2014 Extreme Rules Big E
80%
2015 Fastlane Dean Ambrose
80%
2015 WrestleMania 31 7-Man Ladder Match Dean Ambrose
80%
2015 Elimination Chamber Elimination Chamber Match Mark Henry
76%
2011 Elimination Chamber Elimination Chamber Match Rey Mysterio
75%
2015 WrestleMania 31 7-Man Ladder Match Stardust
72%
2015 WrestleMania 31 7-Man Ladder Match Luke Harper
71%
2011 WrestleMania XXVII 8-Man Tag Team Match Santino Marella
69%
2012 Elimination Chamber Elimination Chamber Match Santino Marella
69%
2015 Hell in a Cell (Kick-Off Show) Six-Man Tag Team Match Cesaro
63%
2011 Elimination Chamber Elimination Chamber Match Drew McIntyre
62%
2012 Elimination Chamber Elimination Chamber Match The Great Khali
62%
2013 Payback Triple Threat Match Curtis Axel
61%
2011 Over The Limit Ezekiel Jackson
57%
2011 Capitol Punishment Ezekiel Jackson
57%
2015 Survivor Series 5 vs 5 Elimination Match Jey Uso
57%
2015 Survivor Series 5 vs 5 Elimination Match Jimmy Uso
57%
2011 Survivor Series 5 vs 5 Elimination Match Sin Cara
57%
2015 Survivor Series 5 vs 5 Elimination Match Sin Cara
57%
2015 Extreme Rules (Kick-Off Show) Neville
55%
2015 King of the Ring KOTR Finals Neville
55%
2015 Payback Neville
55%
2015 SummerSlam Tag Team Match Neville
55%
2015 Hell in a Cell (Kick-Off Show) Six-Man Tag Team Match Neville
55%
2015 Survivor Series 5 vs 5 Elimination Match Kalisto
52%
2014 Payback Rob Van Dam
49%
2015 SummerSlam Tag Team Match Stephen Amell
40%
2011 Survivor Series 5 vs 5 Elimination Match Mason Ryan
29%
No matching quizzes found
Score Distribution
Percent of People with Each Score
Percentile by Number Answered
Your Score History
You have not taken this quiz